| 000 | 00697nam a2200253 a 4500 | ||
|---|---|---|---|
| 003 | AR-BaBNM | ||
| 005 | 20251128205443.0 | ||
| 008 | 082120s2002 ||||||||||||||000 | spa|| | ||
| 040 | _cAR-BaBNM | ||
| 100 | 1 | _aPisano, Natalio J. | |
| 245 | 0 | 0 | _aBreve historia de San José de Flores |
| 260 |
_aBuenos Aires _bJunta de Estudios de San José de Flores _c1976 |
||
| 300 |
_a59 p. _bil. |
||
| 650 | 4 | _aHISTORIA DE BUENOS AIRES | |
| 650 | 4 | _aBARRIOS | |
| 650 | 4 | _aCOSTUMBRES Y TRADICIONES | |
| 650 | 4 | _aURBANISMO | |
| 650 | 4 | _aVIDA SOCIAL | |
| 650 | 4 | _aVIDA CULTURAL | |
| 651 | 4 | _aBuenos Aires [Capital Federal] | |
| 700 | 1 |
_aFedele, José _eilustrador |
|
| 942 | _cBK | ||
| 998 | _cCarmen | ||
| 999 |
_c11467 _d11467 |
||